000 00357nam a22001337a 4500
020 _a978007064916
082 _222
_a621.381044
100 _aKhothari, D. P. and Nagrath I. J.
245 _aPower system engineering /
250 _a2 nd.
260 _aNew Delhi,
_bTata McGrew Hill,
_cc2010.
300 _axiii,1074 p. ;
_bill. ;
_c24 cm.
942 _2ddc
_cECE
_01
999 _c1676
_d1676